| 000 | 00000nam 2200000za 4500 |
| 001 | 9.687642 |
| 003 | CaOODSP |
| 005 | 20210920121109 |
| 007 | cr ||||||||||| |
| 008 | 150407s2001 onc|||||o f|0| 0 eng d |
| 040 | |aCaOODSP|beng |
| 043 | |an-cn--- |
| 086 | 1 |aT31-29/2001E-PDF |
| 245 | 04|aThe Canadian aids to navigation system |h[electronic resource] / |cNavigation Systems Branch. |
| 260 | |aOttawa : |bFisheries and Oceans Canada, |c2001. |
| 300 | |a61 p. : |bill. |
| 500 | |aThe PDF version does not include the Canadian Aids to Navigation system insert. |
| 590 | |a10-01-Supp|b2010-04-07 |
| 690 | 07|aNavigation systems|2gcpds |
| 710 | 1 |aCanada.|bDepartment of Fisheries and Oceans. |bCanadian Coast Guard. |
| 775 | 08|tLe système canadien d'aides à la navigation |w(CaOODSP)9.632084 |
| 776 | 0#|tThe Canadian aids to navigation system / |w(CaOODSP)9.648239 |
| 794 | |tThe Canadian aids to navigation system |w(CaOODSP)9.849683 |
| 856 | 40|ahttp://publications.gc.ca|qPDF|s2578 KB|uhttps://publications.gc.ca/collections/Collection/T31-29-2001E.pdf |